000 00813nam a22002297a 4500
999 _c18644
_d18644
003 AR-CdUCM
008 190514b ||||| |||| 00| 0 spa d
040 _aMUNICIPALIDAD PROVINCIAL DEL CUSCO
_cBIBLIOTECA MUNICIPAL DEL CUSCO
041 _heng
082 _a581.985 /
_bV32
100 _aVargas c., Cesar
_931325
245 _aMachupijchu's ornamental plants :
_bFlora ornamental de Machupijchu /
260 _aCuzco :
_bPublicaciones de la Universidad Nacional del Cuzco,
_c1969.
300 _a62 paginas ;
_bIlustraciones, graficos, dibujos, fotos,
_c24 cm.
500 _aLibro en ingles y espaƱol
505 _aContenido: Todo sobre la flora de el Machupicchu
650 _aFlora
_920658
650 _aMachupicchu
_91751
650 _aFauna
_925064
942 _2ddc
_cLIBROS
945 _apjha
_d2019-05-14